000 00776nam a22002297a 4500
003 0
005 20260121161116.0
008 260121b xxu||||| |||| 00| 0 eng d
020 _a 9786214740178
050 _aFIL 179
_bMum962 2022
082 _aFIL 179
_bMum962 2022
100 _ade Bezenac, Agnes
240 _aMumunting aral sa buhay tungkol sa... galit
_lFilipino
245 _aLittle life lessons on... anger
_cAgnes de Bezenac and Salem de Bezenac
260 _aManila :
_bLampara Publishing House, Inc.,
_c2022.
300 _a32 unnumbered pages :
_bcolored illustrations ;
_c21 cm.
650 _aAnger in children
_vJuvenile literature.
650 _aPicture books for children.
650 _aBilingual books.
700 _ade Bezenac, Salem
942 _2ddc
_cBK
999 _c368747
_d368747